Loading...

Karnabhaaram: Sanskrit drama

Bibliographic Details
Main Authors: Bhasan; Author, Vishnunarayanan Namboothiri; Translator
Format: Printed Book
Published: Thrissur, Kerala Sahithya Akademi Ke 2007
Subjects:
LEADER 006700000a22002050004500
020 |a 81-7690-128-8 
040 |a MAL 
082 |a 891.22 BHA/K 111P7 
100 |a Bhasan; Author 
100 |a Vishnunarayanan Namboothiri; Translator 
245 |a Karnabhaaram: Sanskrit drama 
250
260 |a Thrissur, Kerala Sahithya Akademi Ke 
260 |c 2007 
460 |a 37p 
465 |a Rs.40.00 
500 |a Bhasan; tr by Vishnunarayanan Namboothiri 
650 |a Sanskrit drama 
999 |c 46148  |d 46148 
952 |0 0  |1 0  |4 0  |6 891_220000000000000_BHAK_111P7  |7 0  |8 MAL  |9 46874  |a MGUL  |b MGUL  |d 2013-07-16  |e Rs.40.00  |l 1  |o 891.22 BHA/K 111P7  |p 44449  |r 2018-01-08  |s 2017-10-21  |w 2013-07-16  |y BK